| 000 | 02542nam a2200361 i 4500 | ||
|---|---|---|---|
| 001 | 000002216 | ||
| 003 | DO-SdBNP | ||
| 005 | 20260321073637.0 | ||
| 007 | ta | ||
| 008 | 081126s1970 dr 000 0 spa d | ||
| 040 |
_aDO-SdBNP _bspa _cBNPHU _erda |
||
| 041 | _hspa | ||
| 082 |
_a305.57293 _bB742c, 1970 _222 |
||
| 100 | 1 |
_a Bosch, Juan, _d1909-2001 _eautor _976555 |
|
| 245 | 1 | 0 |
_aComposición social dominicana : _bhistoria e interpretación / _cJuan Bosch. |
| 250 | _a2a. edición corregida y ampliada | ||
| 264 |
_aSanto Domingo : _bArte y Cine, _c1970. |
||
| 300 |
_a324 páginas : ; _c19 cm. |
||
| 336 |
_ardacontent _btexto _2txt |
||
| 337 |
_ardamedia _bsin mediación _2n |
||
| 338 |
_ardacarrier _bvolumen _2nc |
||
| 490 | 1 |
_aPensamiento y Cultura ; _v2 |
|
| 500 | _aIncluye referencias bibliográficas y notas al pie de las páginas | ||
| 505 | 0 |
_tUn preámbulo necesario -- _tOrigen de las clases sociales en Santo Domingo -- _tAparición y declinación de una oligarquía del azúcar -- _tDe los ingenios a los hatos -- _tEl desarrollo de la sociedad hatera -- _tLa curiosa sociedad de los bucaneros -- _tLa colonia francesa de Saint-Domingue -- _tEl siglo de la miseria -- _tDe la inamovilidad del siglo XVII al dinamismo del siglo XVIII -- _tMedio siglo de relativo desarrollo -- _tSanto Domingo en el panorama del Caribe -- _tLa revolución haitiana -- _tEl caso de las emigraciones -- _tEl gobierno de los hateros y la sociedad de los cosecheros de tabaco -- _tLas causas de la invasión haitiana en 1822 -- _tLa pequeña burguesía en la historia dominicana -- _tLa pequeña burguesía contra el poder de los hateros -- _t1857-1861. Luchas en el seno de la pequeña burguesía -- _tLa restauración, obra de la pequeña burguesía -- _tEl largo reinado de la pequeña burguesía en la vida política nacional -- _tLa composición social y los partidos políticos de la época -- _tEl gobierno de los azules o el camino hacia la sociedad burguesa -- _tDe la muerte de Heureaux a la muerte de Cáceres -- _tEl imperialismo en acción -- _tLa composición social hasta 1930 -- _tTrujillo, o el paso de la pequeña burguesía a la burguesía -- _tLa composición social a la muerte de Trujillo / |
|
| 590 | _aInventariado, 2019/YL | ||
| 650 | 1 | 4 |
_aClases sociales _zRepública Dominicana _xHistoria _9413 |
| 650 | 1 | 4 |
_aSociología _xHistoria _9414 |
| 651 | 1 | 4 |
_aRepública Dominicana _xCondiciones sociales _946 |
| 651 | 1 | 4 |
_aRepública Dominicana _xHistoria _9170 |
| 830 | 0 |
_aPensamiento y Cultura ; _n2 _9415 |
|
| 910 | _aDG | ||
| 942 |
_2ddc _cLBS1 |
||
| 999 |
_c2064 _d2064 |
||